| 000 | 00000nam 2200000za 4500 |
| 001 | 9.810320 |
| 003 | CaOODSP |
| 005 | 20231208112850 |
| 007 | cr ||||||||||| |
| 008 | 151021s2014 onc ob f000 0 eng d |
| 040 | |aCaOODSP|beng |
| 043 | |an-cn--- |
| 086 | 1 |aPS83-3/321E-PDF |
| 100 | 1 |aFarrell MacDonald, Shanna. |
| 245 | 10|aProfile of Aboriginal men offenders |h[electronic resource] : |bcustody and supervision snapshots / |c[by] Shanna Farrell MacDonald. |
| 260 | |aOttawa : |bCorrectional Service of Canada, |c2014. |
| 300 | |ax, 60 p. : |btables, figs. |
| 490 | 1 |aResearch report ; |vR-321 |
| 500 | |aIssued also in French under title: Profil des délinquants autochtones de sexe masculin : aperçus de la garde et de la surveillance. |
| 500 | |aMarch 2014. |
| 504 | |aIncludes bibliographical references. |
| 692 | 07|2gccst|aInmates |
| 692 | 07|2gccst|aAboriginal peoples |
| 710 | 1 |aCorrectional Service Canada. |bResearch Branch. |
| 775 | 08|tProfil des délinquants autochtones de sexe masculin |w(CaOODSP)9.810323 |
| 830 | #0|aResearch report (Correctional Service Canada. Research Branch)|vR-321|w(CaOODSP)9.506063 |
| 856 | 40|qPDF|s626 KB|uhttps://publications.gc.ca/collections/collection_2016/scc-csc/PS83-3-321-eng.pdf |